Zhodnocení sortimentu červeného hlávkového zelí (Brassica oleracea L.var. capitata L.f. rubra DC.) /

Hlavní autor: Lužný, Jan, 1926-2013
Další autoři: Moravec, Jiří, 1923-2010
Jazyk: Čeština
Vydáno: Olomouc : Výzkumný ústav zelinářský, 1964
Fyzický popis: s. 129-145
Knihy
Uloženo v:
LEADER 00919nam a2200217 a 4500
001 000611933
003 CZ BrMZK
005 20051220160437.0
008 020723s1964 xr f cze d
040 |a BOA001  |b cze  |c BOA001 
100 1 |a Lužný, Jan,  |d 1926-2013  |7 jk01072712  |4 aut 
245 1 0 |a Zhodnocení sortimentu červeného hlávkového zelí (Brassica oleracea L.var. capitata L.f. rubra DC.) /  |c Jan Lužný, Jiří Moravec 
260 |a Olomouc :  |b Výzkumný ústav zelinářský,  |c 1964 
300 |a s. 129-145 
500 |a Název též rusky, německy, anglicky 
500 |a Separát z: Vědecké práce Výzkumného ústavu zelinářského v Olomouci, 1964 
500 |a Souhrn rusky, německy, anglicky 
700 1 |a Moravec, Jiří,  |d 1923-2010  |7 jx20041229009  |4 aut 
910 |a BOA001  |b X-0550.837 
990 |a BK 
996 6 |b 2618928717  |c X-0550.837  |l MZK  |r Sklad / do 24 hodin  |n 0  |w 000611933  |u 000010  |a 1  |e BOA001  |j MZK50  |s P